Normal view
MARC view
- Tourism - study - Sensies
Entry Topical Term
001 - CONTROL NUMBER
- control field: 5605
003 - CONTROL NUMBER IDENTIFIER
- control field: JO-AjAnu
005 - DATE AND TIME OF LATEST TRANSACTION
- control field: 20230606071218.0
008 - FIXED-LENGTH DATA ELEMENTS
- fixed length control field: 230606|| aca||aabn | a|a d
040 ## - CATALOGING SOURCE
- Original cataloging agency: JO-AjAnu
- Transcribing agency: JO-AjAnu
150 ## - HEADING--TOPICAL TERM
- Topical term or geographic name entry element: Tourism - study - Sensies
670 ## - SOURCE DATA FOUND
- Source citation: Work cat.: (JO-AjAnu)2898: Authors Mustafa, Mairna واخرون, mairna Mastata and Hamid EI Debs (editor), author 5604, Tuning Middle East and North Africa: Reference Point for the Design and Delivery of Degree Programmes in Tourism